Online
Catalog

Laberinto de fortuna / (Record no. 5982)

MARC details
000 -CABECERA
campo de control de longitud fija 00702cam a2200205 a 4500
001 - NÚMERO DE CONTROL
campo de control 000006187
005 - FECHA Y HORA DE LA ÚLTIMA TRANSACCIÓN
campo de control 20200929151951.0
008 - DATOS DE LONGITUD FIJA--INFORMACIÓN GENERAL
campo de control de longitud fija 730925s1968 sp 000 p spa d
040 ## - FUENTE DE LA CATALOGACIÓN
Centro catalogador/agencia de origen DO-SdBNP
Lengua de catalogación spa
Centro/agencia transcriptor BNPHU
082 ## - NÚMERO DE LA CLASIFICACIÓN DECIMAL DEWEY
Número de clasificación 861.2
Número de documento/Ítem M534L
100 1# - ENTRADA PRINCIPAL--NOMBRE DE PERSONA
Nombre de persona Mena, Juan de,
Fechas asociadas al nombre 1411-1456
9 (RLIN) 17338
245 10 - MENCIÓN DE TÍTULO
Título Laberinto de fortuna /
Mención de responsabilidad, etc. Juan de Mena ; prólogo y notas de John G. Cummins.
260 ## - PUBLICACIÓN, DISTRIBUCIÓN, ETC.
Lugar de publicación, distribución, etc. Madrid :
Nombre del editor, distribuidor, etc. Anaya,
Fecha de publicación, distribución, etc. 1968.
300 ## - DESCRIPCIÓN FÍSICA
Extensión 146 p. ;
Dimensiones 17 cm.
490 1# - MENCIÓN DE SERIE
Mención de serie Biblioteca Anaya / autores españoles
Designación de volumen o secuencia 90
650 #4 - PUNTO DE ACCESO ADICIONAL DE MATERIA--TÉRMINO DE MATERIA
Término de materia o nombre geográfico como elemento de entrada Poesía española
9 (RLIN) 631
650 #4 - PUNTO DE ACCESO ADICIONAL DE MATERIA--TÉRMINO DE MATERIA
Término de materia o nombre geográfico como elemento de entrada Literatura española
Subdivisión cronológica SIGLO XV
9 (RLIN) 15052
700 1# - PUNTO DE ACCESO ADICIONAL--NOMBRE DE PERSONA
Nombre de persona Cummins, John G.,
Término indicativo de función/relación pról.
9 (RLIN) 17339
830 #0 - PUNTO DE ACCESO ADICIONAL DE SERIE-TÍTULO UNIFORME
Título uniforme Biblioteca Anaya /autores españoles ;
Designación de volumen o secuencia 90
9 (RLIN) 4941
Holdings
Estado de retiro Estado de pérdida Restricciones de uso No para préstamo Código de colección Localización permanente Ubicación/localización actual Ubicación en estantería Fecha de adquisición Número de inventario Total de préstamos Signatura topográfica completa Código de barras Fecha visto por última vez Precio válido a partir de Tipo de ítem Koha
        Monografías: Libros y Folletos General General Depósito 26.08.2009 LF1   861.2 M534L 6187-10 25.06.2020 25.06.2020 Préstamo en sala

Powered by Koha